000 00453nam a2200181Ia 4500
001 7888
005 20260306160528.0
008 260306t2015||||xx |||||||||||||| ||spa||
041 _aESP
082 _a363.69
_bA82
100 _aAspilcueta, Julio,
_eAUT
245 0 _aI Congreso patrimonio en riesgo :
_bponencias y conclusiones
260 _c2015
300 _a162 páginas :
_c20 cm.
650 _aGEN
654 _aCHU
942 _cLIB
_dJUS
_fJUS
_2ddc
_n
999 _c7888
_d7888